| 000 | 00766nam a2200301 a 4500 | ||
|---|---|---|---|
| 001 | 40147 | ||
| 003 | AR-BaAGN | ||
| 005 | 20231116145537.0 | ||
| 007 | ta | ||
| 008 | 220625s1993 ag |||||r|||| ||||||spa d | ||
| 020 | _a950-742-296-X | ||
| 040 |
_dAR-BaAGN _aAR-BaAGN _bspa _eaacr |
||
| 100 | 1 | _aFeierstein, Ricardo | |
| 245 | 1 | 0 | _aHistoria de los judíos argentinos |
| 250 | _a1ª ed. | ||
| 260 |
_aBuenos Aires : _bPlaneta, _c1993. |
||
| 300 |
_a418 páginas : _bilustraciones |
||
| 336 |
_2rdacontent _btxt |
||
| 337 |
_2rdamedia _bn |
||
| 338 |
_2rdacarrier _bnc |
||
| 650 | 4 |
_aEMIGRACIÓN _91664 |
|
| 650 | 4 |
_aJUDÍOS _91233 |
|
| 650 | 4 |
_aINMIGRACIÓN _91530 |
|
| 651 | 4 |
_aArgentina _93645 |
|
| 942 | _cLIBRO | ||
| 999 |
_c40147 _d40147 |
||